|
|
|
|
| LEADER |
01043nam a2200241 a 4500 |
| 001 |
GR-MES4911 |
| 008 |
991111s1992 gr 000 0 gre d |
| 020 |
|
|
|a 9602362510
|
| 040 |
|
|
|a GrPaTEI
|b gre
|c GR-PaULI
|
| 082 |
|
0 |
|a Μ
|
| 100 |
1 |
|
|a Γεωργιάδης, Βασίλειος
|
| 245 |
1 |
2 |
|a Ο πρώτος κυβερνήτης /
|c Βασίλειος Γεωργιάδης.
|
| 260 |
|
|
|a Αθήνα :
|b Νέα σύνορα,
|c 1992
|
| 300 |
|
|
|a 253σελ.
|
| 490 |
0 |
|
|a Ελληνική Λογοτεχνία/Ιστορικό Μυθιστόρημα
|
| 600 |
|
4 |
|a Καποδίστριας, Ιωάννης
|c Α.,
|d (1776-1831)
|
| 650 |
|
4 |
|a Ελληνική Λογοτεχνία
|
| 650 |
|
4 |
|a Ιστορικό Μυθιστόρημα
|
| 710 |
0 |
|
|a Νέα σύνορα
|
| 942 |
|
|
|2 ddc
|
| 952 |
|
|
|0 0
|1 0
|2 ddc
|4 0
|6 Μ_ΓΕΩ
|7 0
|9 269540
|a MSLG
|b MSLG
|c BSC
|d 2021-01-17
|e 24
|f 0
|g 0.00
|l 0
|o Μ ΓΕΩ
|p 2420000008769
|r 2021-01-17 00:00:00
|t 1
|w 2021-01-17
|y BK15
|x 19991111 0 ΜΑΤΣΙΩΡΗ 1
|x GrPaTEI
|
| 971 |
|
|
|a .b25759589
|b 08-10-20
|c 13-09-16
|
| 999 |
|
|
|c 155540
|d 155540
|